000 00435nam a2200169Ia 4500
020 _a(hb)
082 _a954.91
_bAZI
_cL-31, P-19
100 _aAziz, A.
_946358
245 _aDiscovery of Pakistan
250 _a2nd rev. ed.
260 _aLahore:
_bSh. Ghulam Ali and Sons ,
_c1964
300 _a415p
526 _a0
_b0
_c0
_d954_910000000000000_AZI
650 _aMCE
_9379
650 _aPakistan -- History
_97198
942 _2ddc
_cBK
999 _c549706
_d549706